000 00459cam a2200145 4500500
005 20260222002812.0
041 _afre
042 _adc
100 1 0 _aJay, Emmanuelle
_eauthor
245 0 0 _aSe relire, se relier
260 _c2026.
500 _a26
786 0 _nLes Cahiers de l’Actif | 592-593 | 4 | 2026-01-29 | p. 131-140 | 1145-2684
856 4 1 _uhttps://shs.cairn.info/revue-les-cahiers-de-l-actif-2025-4-page-131?lang=fr&redirect-ssocas=7080
999 _c1666222
_d1666222